Normal view MARC view

Entry Personal Name

Number of records used in: 1

001 - CONTROL NUMBER

  • control field: 22030

003 - CONTROL NUMBER IDENTIFIER

  • control field: dpl

005 - DATE AND TIME OF LATEST TRANSACTION

  • control field: 20100927145038.0

008 - FIXED-LENGTH DATA ELEMENTS

  • fixed length control field: 100927|||a|||||| | ||| d

040 ## - CATALOGING SOURCE

  • Original cataloging agency: dpl
  • Transcribing agency: dpl

100 ## - HEADING--PERSONAL NAME

  • Personal name: कृष्णकान्त 'एकलव्य'

670 ## - SOURCE DATA FOUND

  • Source citation: Work cat.: (dpl)34250: कृष्णकान्त 'एकलव्य', पूर्वांचल का हास्य- व्यंग्य /, 2009

670 ## - SOURCE DATA FOUND

  • Source citation: Work cat.: (dpl)34250: कृष्णकान्त 'एकलव्य', पूर्वांचल का हास्य- व्यंग्य /, 2009

© Delhi Public Library
Hit Counter
free hit counter